000 00379 a2200157 4500
001 62340
020 _a9788576754695
040 _cAnchieta - Pituba
100 _aAguiar, João Batista
240 1 0 _aBiologia, 1º série
_lpor
245 1 0 _aBiologia, 1º série
300 _a416
362 0 _a2009
650 4 _aBIOLOGIA, CIÊNICAS DA VIDA (CIÊNCIAS NATURAIS)
942 _cBK
999 _c62340
_d62340